Guía de viaje por el Imperio romano /

Guardado en:
Detalles Bibliográficos
Autor principal: Falco, Marco Sidonio (autor)
Otros autores: Toner, Jerry (autor) (autor), Furió, Silvia (traducción) (traducción)
Formato: Libro
Idioma:Español
Publicado: México : Crítica, 2023, c2023
Temas:
Etiquetas: Agrega una etiqueta
Sin etiquetas, Sé el primero en etiquetar este registro!

MARC

LEADER 00000nam^a2200000^a^4500
001 000565008
005 20250521000000.0
009 20260310132037.285
020 |a 978-607-569-421-4 
037 |a Acervo ITESO - Biblioteca 
041 |a ESP 
082 |a 850. 92  |b FAL 
100 |a Falco, Marco Sidonio  |e (autor) 
245 1 0 |a Guía de viaje por el Imperio romano /  |c M.S. Falco, J. Toner ; tr. por S. Furió. 
264 4 |a México :  |b Crítica,  |c 2023, c2023 
300 |a 251 p. 
336 |a texto  |b txt  |2 rdacontenido 
337 |a sin mediación  |b n  |2 rdamedio 
338 |a volumen  |b nc  |2 rdasoporte 
500 |a Traducción de: A Grand Tour of the Roman Empire 
649 |a XX 
650 |a Escritores Italianos -  |x Memorias 
650 |a Libros de Viajes Italianos 
650 |a Literatura Italiana -  |y Siglo XXI 
650 |a Literatura Autobiográfica -  |z Italia 
650 |a Roma -  |x Historia -  |y Imperio, 31 a.C.-476 d.C. 
650 |a Historia Antigua 
650 |a Falco, Marco Sidonio -  |x Tema Pricipal 
650 |a Toner, Jerry -  |x Tema Pricipal 
700 |a Toner, Jerry  |e (autor) 
700 |a Furió, Silvia  |e (traducción) 
910 |a Fondo General 
920 |a Impresos - Libros 
930 |a Colección General 
940 |a Literatura 
905 |a 101 
901 |a 0500398372  |b IT1  |c LIT  |i C182471  |u 20250521 
902 |a https://opac.biblio.iteso.mx/vufind/Record/000565008